| 000 | 00710nam a2200169Ia 4500 | ||
|---|---|---|---|
| 008 | 090711s9999 xx 000 0 und d | ||
| 082 | _b72833 | ||
| 100 | _aगाला धीरेन / गाला ध. रा. / गाला संजय | ||
| 245 | _aपाठदुखी तुला राम राम | ||
| 260 | _c1993 | ||
| 300 | _a126 | ||
| 600 | _aगाला धीरेन / गाला ध. रा. / गाला संजय | ||
| 630 | _aपाठदुखी तुला राम राम | ||
| 700 | _aगाला धीरेन / गाला ध. रा. / गाला संजय | ||
| 730 | _aपाठदुखी तुला राम राम | ||
| 942 | _cBOOK | ||
| 999 |
_c309156 _d309156 |
||